00475nam a22001457a 4500003000400000005001700004008004100021020001800062040000600080082002100086245010400107260004800211300002200259650004800281OSt20240526061842.0240526b |||||||| |||| 00| 0 eng d a9781350087392 cn a747.05 B872 2019 aThe handbook of interior architecture and design /cGraeme Brooker (Editor), Lois Weinthal (Editor) bBloomsbury Academic, London [England], 2019 a676 pages, 24 cm. zInterior architecture l Interior decoration